logo

Bir Sreshtho Munshi Abdur Rouf Library
Jhenaidah Cadet College

গান্ধীর আত্মকথা / (Record no. 11398)

MARC details
000 -LEADER
fixed length control field 00875nam a2200241 a 4500
001 - CONTROL NUMBER
JCCL Control Number 11398
003 - CONTROL NUMBER IDENTIFIER
JCCL marc code BD-JhCC
005 - DATE AND TIME OF LATEST TRANSACTION
control field 20190921091239.0
008 - FIXED-LENGTH DATA ELEMENTS--GENERAL INFORMATION
fixed length control field 190911b 2013bg |||| ||a| 000 0 ben d
020 ## - INTERNATIONAL STANDARD BOOK NUMBER
International Standard Book Number 984711272X
035 ## - SYSTEM CONTROL NUMBER
system control number (BD-JhCC)11398
040 ## - CATALOGING SOURCE
Original cataloging agency BD-JhCC
Modifying agency BD-JhCC
041 ## - LANGUAGE CODE
Language code of Book ben
082 ## - DEWEY DECIMAL CLASSIFICATION NUMBER
Author mark and Year GAN 2013
Classification number 920.1
100 ## - MAIN ENTRY--PERSONAL NAME
Personal name গান্ধী, মোহনদাস করমচাঁদ
245 ## - TITLE STATEMENT
Title গান্ধীর আত্মকথা /
Statement of responsibility, etc মোহনদাস করমচাঁদ গান্ধী, অনু: আনু মাহমুদ ।
260 ## - PUBLICATION, DISTRIBUTION, ETC. (IMPRINT)
Place of publication, distribution, etc ঢাকা:
Name of publisher, distributor, etc ন্যাশনাল পাবলিকেশন;
Date of publication, distribution, etc ২০১৩.
300 ## - PHYSICAL DESCRIPTION
Pagination ৩৯৯ পৃ. :
Dimensions ২২ সেমি.
650 ## - SUBJECT ADDED ENTRY--TOPICAL TERM
Topical term or geographic name as entry element Gandhi, Mohandas Koromchand
700 ## - ADDED ENTRY--PERSONAL NAME
Personal name মাহমুদ, আনু
942 ## - ADDED ENTRY ELEMENTS (KOHA)
Source of classification or shelving scheme Dewey Decimal Classification
Koha item type Books
Holdings
Source of classification or shelving scheme Damaged status Not for loan Home library Current library Shelving location Date of accession Cost, normal purchase price Total Checkouts Full call number Barcode Date last seen Copy number Koha item type
Dewey Decimal Classification     JCC Rouf Library JCC Rouf Library General Stacks 09/11/2019 425.00   920.1 GAN 2013 15351 09/11/2019 C-1 Books

JCC Library | Contacts | JCC Home

Last Update on 23 September 2017
Copyright @ 2017-2020 JCC Rouf Library
Rouf Library, Jhenidah Cadet College (JCC), Bangladesh